The divided flame: Wesleyans and charismatic renewal

Saved in:  
Bibliographic Details
Main Author: Snyder, Howard A. (Author)
Contributors: Runyon, Daniel V. (Other)
Format: Print Book
Language:English
Subito Delivery Service: Order now.
Check availability: HBZ Gateway
WorldCat: WorldCat
Interlibrary Loan:Interlibrary Loan for the Fachinformationsdienste (Specialized Information Services in Germany)
Published: Grand Rapids, Mich. Asbury Press 1986
In:Year: 1986
Further subjects:B Free church
B Holiness movement (motif)
B Protestantism
B Methodism (motif)
B Pentecostal churches

MARC

LEADER 00000cam a22000002c 4500
001 1624619037
003 DE-627
005 20251225202953.0
007 tu
008 940815s1986 xx ||||| 00| ||eng c
020 |a 0310751810  |9 0-310-75181-0 
035 |a (DE-627)1624619037 
035 |a (DE-576)040538249 
035 |a (DE-599)BSZ040538249 
035 |a (OCoLC)13185301 
035 |a (OCoLC)13185301 
040 |a DE-627  |b ger  |c DE-627  |e rakwb 
041 |a eng 
082 0 |a 287 
084 |a 1  |2 ssgn 
100 1 |a Snyder, Howard A.  |4 aut 
245 1 4 |a The divided flame  |b Wesleyans and charismatic renewal  |c Howard A. Snyder with Daniel V. Runyon 
264 1 |a Grand Rapids, Mich.  |b Asbury Press  |c 1986 
300 |a 120 S. 
336 |a Text  |b txt  |2 rdacontent 
337 |a ohne Hilfsmittel zu benutzen  |b n  |2 rdamedia 
338 |a Band  |b nc  |2 rdacarrier 
500 |a Bibliography. - Includes index 
583 1 |a Archivierung prüfen  |c 20200919  |f DE-640  |z 1  |2 pdager 
583 1 |a Archivierung/Langzeitarchivierung gewährleistet  |f SSG  |x XA-DE-BW  |2 pdager  |5 DE-21 
601 |a Charismatiker 
650 0 7 |0 (DE-588)4047538-4  |0 (DE-627)106194321  |0 (DE-576)20907387X  |a Protestantismus  |2 gnd 
650 0 7 |0 (DE-588)4140365-4  |0 (DE-627)104288302  |0 (DE-576)209702184  |a Heiligungsbewegung  |2 gnd 
650 0 7 |0 (DE-588)4018337-3  |0 (DE-627)106326376  |0 (DE-576)208923888  |a Freikirche  |2 gnd 
650 0 7 |0 (DE-588)4038979-0  |0 (DE-627)106230131  |0 (DE-576)209032669  |a Methodismus  |2 gnd 
650 0 7 |0 (DE-588)4136841-1  |0 (DE-627)105654477  |0 (DE-576)209672587  |a Pfingstbewegung  |2 gnd 
700 1 |a Runyon, Daniel V.  |4 oth 
935 |a mteo 
951 |a BO 
ELC |b 1 
ITA |a 1  |t 1 
LOK |0 000 xxxxxcx a22 zn 4500 
LOK |0 001 325745550X 
LOK |0 003 DE-627 
LOK |0 004 1624619037 
LOK |0 005 20090729135158 
LOK |0 008 940815||||||||||||||||ger||||||| 
LOK |0 040   |a DE-21  |c DE-627  |d DE-21 
LOK |0 852   |a DE-21 
LOK |0 852 1  |c 6 E 8617  |9 00 
LOK |0 935   |a kram  |a konv  |a theo  |a sepp 
LOK |0 939   |a 15-08-94  |b l01 
ORI |a SA-MARC-ixtheoa001.raw 
STA 0 0 |a Free church,Free congregation,Fre church,Holiness movement (motif),Holiness movement,Methodism (motif),Methodism,Methodist Church,Methodism,Pentecostal churches,Pentecostalism,Protestantism,Protestantism 
STB 0 0 |a Mouvement de sanctification (motif),Mouvement de sanctification,Méthodisme (motif),Méthodisme,Église méthodiste,Méthodisme,Pentecôtisme,Mouvement charismatique,Protestantisme,Protestantisme,Église libre 
STC 0 0 |a Iglesia livre,Metodismo,Iglesia metodista,Movimiento de santificación,Movimiento,Iglesia pentecostal,Iglesia pentecostal,Protestantismo,Protestantismo 
STD 0 0 |a Chiesa libera,Metodismo,Metodismo,Movimento della santità,Holiness movement,Holiness movement,Movimento pentecostale,Protestantesimo,Protestantesimo 
STE 0 0 |a 五旬节运动,圣洁运动,基督新教,基督新教,抗罗宗,更正教,抗罗宗,更正教,循道宗,卫理公会,卫理宗,独立教会,自由教会 
STF 0 0 |a 五旬節運動,基督新教,基督新教,抗羅宗,更正教,抗羅宗,更正教,循道宗,衛理公會,衛理宗,獨立教會,自由教會,聖潔運動 
STG 0 0 |a Igreja livre,Metodismo,Movimento de santificação,Movimento,Igreja pentecostal,Igreja pentecostal,Protestantismo,Protestantismo 
STH 0 0 |a Движение святости,Методизм,Протестантизм,Протестантизм,Протестантство,Протестантство (мотив),Пятидесятники (церковь),Свободная церковь 
STI 0 0 |a Ελεύθερη εκκλησία,Κίνημα αγιότητας,Μεθοδισμός,Πεντηκοστιανισμός,Προτεσταντισμός (μοτίβο),Προτεσταντισμός 
SYE 0 0 |a Protestantism,Calvinismus,Evangelicalism,Evangelismus,Hugenotten,Lutheraner,Mennoniten,Pietismus,Puritans , Holiness movement , Freikirchliche Gemeinde , Methodistische Kirche , Pfingstkirche,Pfingstkirchen,Pentekostalismus